The trusteeship presidency : Jimmy Carter and the United States Congress /

Bibliographic Details
Main Author: Jones, Charles O.
Format: Book
Language:English
Published: Baton Rouge : Louisiana State University Press, [1988]
Series:Miller Center series on the American presidency.
Subjects:

MARC

Tag First Indicator Second Indicator Subfields
LEADER 00000cam a2200000 a 4500
001 in00000020910
005 20151007055524.0
008 870813s1988 laua b s00110 eng
010 |a  87024379  
020 |a 080711426X 
035 |a (OCoLC)16685320 
035 |9 AAB8479AM 
040 |a DLC  |c DLC  |d TXA  |d UtOrBLW 
043 |a n-us--- 
049 |a TXAM  |c [A11650572] 
050 0 0 |a E873.2  |b .J66 1988 
082 0 |a 973.926  |2 19 
100 1 |a Jones, Charles O. 
245 1 4 |a The trusteeship presidency :  |b Jimmy Carter and the United States Congress /  |c Charles O. Jones. 
264 1 |a Baton Rouge :  |b Louisiana State University Press,  |c [1988] 
264 4 |c ©1988 
300 |a xxv, 225 pages :  |b illustrations ;  |c 24 cm. 
336 |a text  |b txt  |2 rdacontent 
337 |a unmediated  |b n  |2 rdamedia 
338 |a volume  |b nc  |2 rdacarrier 
490 1 |a Miller Center series on the American presidency 
504 |a Includes bibliographical references and index. 
600 1 0 |a Carter, Jimmy,  |d 1924- 
651 0 |a United States  |x Politics and government  |y 1977-1981. 
610 1 0 |a United States.  |b Congress  |x History  |y 20th century. 
830 0 |a Miller Center series on the American presidency. 
999 |a MARS 
999 f f |s da5836c3-770d-3ea9-a90d-c20a283d0ab1  |i 06ebadc3-802f-335e-9021-cd1268239387  |t 0 
952 f f |p ric  |a Texas A&M University  |b Rellis Campus  |c Joint Library Facility  |d Remote Storage  |t 0  |e E873.2 .J66 1988  |h Library of Congress classification  |i unmediated -- volume  |m A14811650572 
998 f f |a E873.2 .J66 1988  |t 0  |l Remote Storage